000 00651nam a2200217Ia 4500
001 1638
003 GE_BSU
008 181216s||||||||xx |||||||||||||| ||und||
020 _a9789994052783
040 _cGE_BSU
080 _a004+76
100 _aზაქარაია, მზევინარ
245 _aკოპიუტერული გრაფიკა
260 _aქუთაისუ
260 _bაკაიწერეთლის სახ.უნ–ტი.
260 _c2008
300 _a157 გვ.19 სმ.
541 _h6 ლ.
653 _aკოპიუტერული გრაფიკა
942 _cBK
999 _c35759
_d35759